000 00283nam a22001337a 4500
003 SGT
082 _a150
_bP18B
100 _aBAUMGARDNER, STEVE
245 _aPOSITIVE PSYCHOLOGY
260 _aINDIA
_bPERSON
_c2018
300 _a334
650 _aPSYCHOLOGY
942 _2ddc
_cBK
_07
999 _c15086
_d15086